| 000 | 00602nam a2200205Ia 4500 | ||
|---|---|---|---|
| 003 | IN-BaIIA | ||
| 008 | 211028s9999 xx 000 0 eng d | ||
| 020 | _a0-471-07796-8 | ||
| 040 | _cIIA Library | ||
| 080 |
_a535 _bOSH |
||
| 100 |
_aO'Shea, Donald C _915222 |
||
| 245 | 0 |
_aElements of modern optical design _cDonald C O'Shea |
|
| 260 |
_aNew York _bWiley-Interscience _c1985 |
||
| 300 | _axiii, 402p. | ||
| 650 | _aAstronomy and astrophysics thesaurus | ||
| 650 | _aOptical design | ||
| 650 | _aOptical instruments | ||
| 650 | _aOptics | ||
| 942 | _cBK | ||
| 999 |
_c9052 _d9052 |
||